000 00810pab a2200169 454500
008 180718b2011 xxu||||| |||| 00| 0 eng d
100 _aTilak, Jandhyala B.G.
245 _aEducation for profit
260 _c2011
300 _ap.18-19.
362 _aFeb 26
520 _aThe mid-term appraisal of the Eleventh Plan calls for exploration of the possibility of converting existing private institutions into public partnerships. The government believes that strict regulation and enforcement will ensure that the private sector contributes significantly to equitable education. However, the government's record until now in terms of both its willingness and ability to do so has been poor. -- Reproduced.
650 _aEducation
773 _aEconomic and Political Weekly
908 _aN
909 _a90724
999 _c90724
_d90724